Countries whose leader must belong to a certain religion - Statistics

General Stats
  • This quiz has been taken 204 times
  • The average score is 14 of 23
Answer Stats
Hint Answer % Correct
Muslim Iran
90%
Muslim Saudi Arabia
90%
Muslim Oman
79%
Muslim Yemen
78%
Muslim Qatar
77%
Muslim Pakistan
76%
Muslim Syria
71%
Muslim Algeria
65%
Muslim Afghanistan
64%
Muslim Jordan
64%
Muslim Morocco
62%
Pancasila Indonesia
61%
Buddhist Thailand
58%
Christian Lebanon
54%
Muslim Tunisia
53%
Muslim Malaysia
51%
Muslim Somalia
51%
Buddhist Bhutan
46%
Muslim Brunei
44%
Muslim Mauritania
40%
No religion Burma
37%
Muslim Maldives
32%
Christian Andorra
12%
No matching quizzes found
Score Distribution
Percent of People with Each Score
Percentile by Number Answered
Your Score History
You have not taken this quiz